| 000 | 00440nam a22001817a 4500 | ||
|---|---|---|---|
| 005 | 20250328170044.0 | ||
| 008 | 250328b |||||||| |||| 00| 0 eng d | ||
| 020 | _a9781787152519 | ||
| 041 | _aeng | ||
| 082 | _a337 KAT | ||
| 100 | _aKatz, Steven | ||
| 245 | _aInternational Economics Volume 1 | ||
| 260 |
_aUk _bKruger Brentt _c2024 |
||
| 300 | _a353;. pages: 25 cm | ||
| 650 | _aEconomics | ||
| 700 | _aKatz, Simon | ||
| 942 | _cBK | ||
| 999 |
_c43482 _d43482 |
||